Optimization of process parameters for preparation of flavoured instant green tea (Record no. 14914)
[ view plain ]
| 000 -LEADER | |
|---|---|
| fixed length control field | 00436nam a22001457a 4500 |
| 003 - CONTROL NUMBER IDENTIFIER | |
| control field | OSt |
| 088 ## - REPORT NUMBER | |
| Report number | T 389 |
| 100 ## - MAIN ENTRY--AUTHOR NAME | |
| Personal name | SANKALPA K.B |
| 245 ## - TITLE STATEMENT | |
| Title | Optimization of process parameters for preparation of flavoured instant green tea |
| 260 ## - PUBLICATION, DISTRIBUTION, ETC. (IMPRINT) | |
| Place of publication | Tavanur 2017 |
| Name of publisher | Kelappaji college of Agricultural Engineering and Technology |
| 300 ## - PHYSICAL DESCRIPTION | |
| Number of Pages | 216 |
| 700 ## - ADDED ENTRY--PERSONAL NAME | |
| Personal name | Dr. Santhi Mary Mathew (Guide) |
| 942 ## - ADDED ENTRY ELEMENTS (KOHA) | |
| Koha item type | Theses |
No items available.
